| Tag |
First Indicator |
Second Indicator |
Subfields |
| LEADER |
00000cam a2200000 a 4500 |
| 001 |
in00002129621 |
| 005 |
20151103061900.0 |
| 008 |
050419s2005 enkac b 001 0beng |
| 015 |
|
|
|a GBA547124
|2 bnb
|
| 015 |
|
|
|a GBA564457
|2 bnb
|
| 016 |
7 |
|
|a 101256670
|2 DNLM
|
| 016 |
7 |
|
|a 013211269
|2 Uk
|
| 016 |
7 |
|
|a 013264152
|2 Uk
|
| 019 |
|
|
|a 61217305
|
| 020 |
|
|
|z 0190450035
|
| 020 |
|
|
|a 1904950035 (pbk.)
|
| 029 |
0 |
|
|a NLM
|b 101256670
|
| 035 |
|
|
|a (OCoLC)ocm60561018
|
| 040 |
|
|
|a NLM
|c NLM
|d UKM
|d BWKUK
|d BAKER
|d IXA
|d NDD
|d TXA
|d UtOrBLW
|
| 042 |
|
|
|a ukscp
|a nlmcopyc
|
| 049 |
|
|
|a TXAM
|
| 050 |
|
4 |
|a RT37.S43
|b R36 2005
|
| 060 |
0 |
0 |
|a 2005 K-587
|
| 060 |
1 |
0 |
|a WZ 100
|b S4382 2005
|
| 082 |
0 |
4 |
|a 610.73092
|2 22
|
| 100 |
1 |
|
|a Ramdin, Ron.
|
| 245 |
1 |
0 |
|a Mary Seacole /
|c Ron Ramdin.
|
| 264 |
|
1 |
|a London :
|b Haus,
|c [2005]
|
| 264 |
|
4 |
|c ©2005
|
| 300 |
|
|
|a 145 pages :
|b illustrations (some color), portraits (some color) ;
|c 20 cm.
|
| 336 |
|
|
|a text
|b txt
|2 rdacontent
|
| 337 |
|
|
|a unmediated
|b n
|2 rdamedia
|
| 338 |
|
|
|a volume
|b nc
|2 rdacarrier
|
| 490 |
1 |
|
|a Life & times
|
| 504 |
|
|
|a Includes bibliographical references (pages 134-141) and index.
|
| 600 |
1 |
2 |
|a Seacole, Mary,
|d 1805-1881.
|
| 650 |
1 |
2 |
|a Nurses
|z Great Britain.
|
| 650 |
1 |
2 |
|a Nurses
|z Jamaica.
|
| 650 |
2 |
2 |
|a African Continental Ancestry Group
|z Great Britain.
|
| 650 |
2 |
2 |
|a African Continental Ancestry Group
|z Jamaica.
|
| 650 |
2 |
2 |
|a Crimean War
|z Great Britain.
|
| 650 |
2 |
2 |
|a Crimean War
|z Jamaica.
|
| 650 |
2 |
2 |
|a Military Nursing
|x history
|z Great Britain.
|
| 650 |
2 |
2 |
|a Military Nursing
|x history
|z Jamaica.
|
| 650 |
2 |
2 |
|a Women
|z Great Britain.
|
| 650 |
2 |
2 |
|a Women
|z Jamaica.
|
| 655 |
|
7 |
|a Biography.
|2 mesh
|
| 600 |
1 |
0 |
|a Seacole, Mary,
|d 1805-1881.
|
| 650 |
|
0 |
|a Nurses
|z Jamaica
|v Biography.
|
| 650 |
|
0 |
|a Crimean War, 1853-1856
|x Women.
|
| 830 |
|
0 |
|a Life & times (London, England)
|
| 938 |
|
|
|a Baker & Taylor
|b BKTY
|c 15.95
|d 11.96
|i 1904950035
|n 0006414308
|s active
|
| 948 |
|
|
|a cataloged
|b h
|c 2006/4/17
|d c
|e rhankins
|f 1:47:46 pm
|
| 994 |
|
|
|a C0
|b TXA
|
| 999 |
|
|
|a MARS
|
| 999 |
f |
f |
|s 270ab319-e1a2-35f6-a07d-ee54bb50d057
|i c5dcf479-cf37-36cf-8fc8-989d0ae146e4
|t 0
|
| 952 |
f |
f |
|p noncirc
|a Texas A&M University
|b College Station
|c Cushing Memorial Library & Archives
|d Cushing: Area Studies/Africana (Does not check out)
|t 0
|e RT37.S43 R36 2005
|h Library of Congress classification
|i unmediated -- volume
|
| 998 |
f |
f |
|a RT37.S43 R36 2005
|t 0
|l Cushing: Area Studies/Africana (Does not check out)
|